| 000 | 00890nam a22002657a 4500 | ||
|---|---|---|---|
| 001 | 8771 | ||
| 003 | FISKH | ||
| 005 | 20251020091610.0 | ||
| 008 | 251020b cb ||||| |||| 00| 0 eng d | ||
| 020 | _a9780194646291 | ||
| 040 |
_aFISKH _beng _cFISKH _dFISKH |
||
| 050 | _aPZ7 | ||
| 082 | _a428.6 | ||
| 100 |
_aSved, Rob _eAuthor |
||
| 245 |
_aEyes / _cRob Sved |
||
| 260 |
_aGreat Clarendon Street : _bOxford University , _c2012 |
||
| 300 |
_a32 pages : _bcolor illustrations ; _c21 cm |
||
| 505 | _aF | ||
| 520 | _aThis exciting new series of non-fiction readers provides interesting and educational content, with activities and project work. The readers are graded at four levels, from 3 to 6, suitable for students from age 8 and older. | ||
| 521 | 8 |
_a400
_bLexile |
|
| 521 | 8 |
_aF
_bRaz-Plus |
|
| 650 |
_aNon-fiction _vEyes |
||
| 942 |
_2ddc _cBK _n0 |
||
| 999 |
_c8771 _d8771 |
||